000 01285nam a2200349 a 4500
001 ebr10673137
003 CaPaEBR
006 m u
007 cr cn|||||||||
008 130402s2013 enk sb 001 0 eng d
020 _z9781780260761
020 _z9781780260778 (e-book)
040 _aCaPaEBR
_cCaPaEBR
035 _a(OCoLC)840607528
050 1 4 _aHM851
_b.H55 2013eb
082 0 4 _a322.4
_223
100 1 _aHill, Symon.
245 1 0 _aDigital revolutions
_h[electronic resource] :
_bactivism in the Internet age /
_cSymon Hill.
260 _aOxford :
_bNew Internationalist Publications Ltd.,
_c2013.
300 _a160 p.
490 0 _aWorld changing
504 _aIncludes bibliographical references and index.
533 _aElectronic reproduction.
_bPalo Alto, Calif. :
_cebrary,
_d2013.
_nAvailable via World Wide Web.
_nAccess may be limited to ebrary affiliated libraries.
650 0 _aInternet
_xPolitical aspects.
650 0 _aSocial action.
650 0 _aSocial movements.
650 0 _aSocial change.
650 0 _aInternet and activism.
655 7 _aElectronic books.
_2local
710 2 _aebrary, Inc.
856 4 0 _uhttp://site.ebrary.com/lib/rucke/Doc?id=10673137
_zAn electronic book accessible through the World Wide Web; click to view
999 _c176756
_d176756